Harvard business review on profiting from green business / (Record no. 2197)

MARC details
000 -LEADER
fixed length control field 00847nam a2200241 a 4500
001 - CONTROL NUMBER
control field 2199
005 - DATE AND TIME OF LATEST TRANSACTION
control field 20221127090401.0
008 - FIXED-LENGTH DATA ELEMENTS--GENERAL INFORMATION
fixed length control field 100707s lxxua | 00100|eng d
020 ## - INTERNATIONAL STANDARD BOOK NUMBER
International Standard Book Number 9781578512331:
Terms of availability SR90.00
035 ## - SYSTEM CONTROL NUMBER
System control number 448
082 04 - DEWEY DECIMAL CLASSIFICATION NUMBER
Classification number 658.4083
Item number H261 2008
245 00 - TITLE STATEMENT
Title Harvard business review on profiting from green business /
Statement of responsibility, etc. contributors, David Biddle ... [et al.].
246 0# - VARYING FORM OF TITLE
Title proper/short title Profiting from green business.
260 ## - PUBLICATION, DISTRIBUTION, ETC.
Place of publication, distribution, etc. Boston, Mass. :
Name of publisher, distributor, etc. Harvard Business School Press,
Date of publication, distribution, etc. 2008.
300 ## - PHYSICAL DESCRIPTION
Extent vii, 251 :
Other physical details ill. ;
Dimensions 21 cm.
440 #0 - SERIES STATEMENT/ADDED ENTRY--TITLE
Title Harvard business review paperback series.
504 ## - BIBLIOGRAPHY, ETC. NOTE
Bibliography, etc. note Includes bibl. references and index.
650 #4 - SUBJECT ADDED ENTRY--TOPICAL TERM
Topical term or geographic name entry element Industrial management
General subdivision Environmental aspects.
650 #4 - SUBJECT ADDED ENTRY--TOPICAL TERM
Topical term or geographic name entry element Green movement.
650 #4 - SUBJECT ADDED ENTRY--TOPICAL TERM
Topical term or geographic name entry element Management
General subdivision Social aspects.
700 0# - ADDED ENTRY--PERSONAL NAME
Personal name Biddle, David.
710 2# - ADDED ENTRY--CORPORATE NAME
Corporate name or jurisdiction name as entry element Harvard Business School.
Holdings
Withdrawn status Lost status Source of classification or shelving scheme Damaged status Not for loan Home library Current library Date acquired Total Checkouts Full call number Barcode Date last seen Copy number Price effective from Koha item type
              11/27/2022   658.4083 H261 2008 1000000009866 11/27/2022 C2 11/27/2022 Book
          CENTRAL CENTRAL 11/27/2022   658.4083 H261 2008 1000000003611 11/27/2022 C1 11/27/2022 Book